Introduction to genetic analysis /
Guardado en:
| Otros Autores: | |
|---|---|
| Formato: | Libro |
| Idioma: | English |
| Publicado: |
New York :
W.H. Freeman and Co.,
c2012.
|
| Edición: | 10th ed. |
| Materias: | |
| Etiquetas: |
Agregar Etiqueta
Sin Etiquetas, Sea el primero en etiquetar este registro!
|
| LEADER | 01708cam a2200229 a 4500 | ||
|---|---|---|---|
| 001 | EEA.libagro010409 | ||
| 005 | 20170913131349.0 | ||
| 008 | 100910s2012####nyuab####b####001#0#eng#c | ||
| 010 | |a 2010936856 | ||
| 020 | |a 1429229438 (tapa dura) | ||
| 020 | |a 97814292776344 | ||
| 082 | 0 | 4 | |a 575.1 |
| 245 | 0 | 0 | |a Introduction to genetic analysis / |c Anthony J.F. Griffiths ... [et al.]. |
| 246 | 3 | 0 | |a Genetic analysis |
| 250 | |a 10th ed. | ||
| 260 | |a New York : |b W.H. Freeman and Co., |c c2012. | ||
| 300 | |a xxiii, 832 p. : |b il. (principalmente col.), fot. col. ; |c 29 cm. | ||
| 504 | |a Incluye referencias bibliográficas e índice. | ||
| 505 | 0 | |a Machine generated contents note: 1.The Genetics Revolution in the Life Sciences -- pt. I TRANSMISSION GENETICS -- 2.Single-Gene Inheritance -- 3.Independent Assortment of Genes -- 4.Mapping Eukaryote Chromosomes by Recombination -- 5.The Genetics of Bacteria and Their Viruses -- 6.Gene Interaction -- pt. II FROM DNA TO PHENOTYPE -- 7.DNA: Structure and Replication -- 8.RNA: Transcription and Processing -- 9.Proteins and Their Synthesis -- 10.Gene Isolation and Manipulation -- 11.Regulation of Gene Expression in Bacteria and Their Viruses -- 12.Regulation of Gene Expression in Eukaryotes -- 13.The Genetic Control of Development -- 14.Genomes and Genomics -- pt. III MUTATION, VARIATION, AND EVOLUTION -- 15.The Dynamic Genome: Transposable Elements -- 16.Mutation, Repair, and Recombination -- 17.Large-Scale Chromosomal Changes -- 18.Population Genetics -- 19.The Inheritance of Complex Traits -- 20.Evolution of Genes and Traits. | |
| 650 | 0 | |a Genética |2 agrovoc | |
| 700 | 1 | |a Griffiths, Anthony J. F. | |
| 859 | |a AR-BbBCA |b BIB. AGRONOMIA |h 575.1 |i G855-1a10 |p 2015/6533 | ||
